[Event "EYCC 2017"]
[Site "Mamaia"]
[Date "2017.09.09"]
[Round "5"]
[White "Deac, Bogdan-Daniel"]
[Black "Morozov, Nichita"]
[Result "1/2-1/2"]
[WhiteElo "2559"]
[BlackElo "2461"]
[Annotator "TA"]
[PlyCount "40"]
[EventDate "2017.??.??"]
[EventType "swiss"]
[EventCountry "ROU"]
[SourceTitle "playchess.com"]
[Source "ChessBase"]
[SourceQuality "1"]

{[%evp 13,40,17,14,6,20,8,16,0,0,0,0,0,0,3,25,27,29,28,22,33,77,11,29,29,33,30,42,16,15]} 1. e4 e5 2. Nf3 Nc6 3. Bc4 Bc5 4. d3 {[%cal Bd2d3,Bd3d4][%mdl 32]} Nf6 5. a4 O-O 6. O-O {C50: Hungarian Defence and Giuoco Pianissimo} h6 (6... a6 7. c3 Ba7 8. Re1 d6 9. h3 b5 10. Bb3 b4 11. a5 Rb8 12. Nbd2 Be6 13. Bc2 h6 {½-½ (45) Vachier Lagrave,M (2791)-Aronian,L (2809) Saint Louis 2017}) 7. c3 a5 {LiveBook: 3 Games} 8. d4 Bb6 9. dxe5 Nxe4 10. Bd5 Nxf2 11. Rxf2 d6 $146 ({Find the theoretical novelty and annotate with similar games:} 11... Bxf2+ 12. Kxf2 d6 13. Bxc6 bxc6 14. exd6 cxd6 {0-1 (61) Morau,J (1954)-Stummerer,A (2187) Remote email 2013}) 12. Bxc6 bxc6 13. exd6 {[#] And now Nd4 would win.} Bg4 14. d7 Rb8 15. Na3 Bxf2+ 16. Kxf2 Bxf3 17. Kxf3 ({Much weaker is} 17. Qxf3 Qxd7 18. Kg1 Rfe8 $11) (17. gxf3 $16 {Threatens to win with Bf4.} Qe7 18. Qd3) 17... Qf6+ 18. Kg3 Rfd8 19. h3 Qe7 20. Qf3 Rxd7 {Precision: White = 61%, Black = 63%.} 1/2-1/2

[Event "EYCC 2017"]
[Site "Mamaia"]
[Date "2017.09.09"]
[Round "5"]
[White "Santos Ruiz, Miguel"]
[Black "Haldorsen, Benjamin"]
[Result "1-0"]
[WhiteElo "2505"]
[BlackElo "2397"]
[Annotator "TA"]
[PlyCount "83"]
[EventDate "2017.??.??"]
[EventType "swiss"]
[EventCountry "ROU"]
[SourceTitle "playchess.com"]
[Source "ChessBase"]
[SourceQuality "1"]

{[%evp 15,83,15,28,9,21,30,47,31,32,22,41,39,45,28,34,27,45,29,36,39,35,31,35,29,40,31,33,27,42,40,78,75,196,196,191,189,210,212,218,154,179,154,187,192,189,199,199,187,261,264,279,277,291,277,279,287,408,402,461,451,429,367,925,914,1102,1094,1074,1035,6483,6298]} 1. c4 e6 2. Nc3 d5 3. d4 Nf6 4. cxd5 exd5 5. Bg5 c6 6. e3 Be7 7. Bd3 Nbd7 8. h3 {D35: Queen's Gambit Declined: Exchange Variation} (8. Nf3 Ne4 9. Bxe7 Qxe7 10. Qc2 Ndf6 11. O-O O-O 12. Ne5 Re8 13. Rac1 Bf5 14. Rfe1 g6 {½-½ (14) Riazantsev,A (2654)-Adams,M (2736) Geneve 2017}) 8... g6 {LiveBook: 3 Games} 9. Bf4 $146 ({Find the theoretical novelty and annotate with similar games:} 9. Nf3 O-O 10. Qc2 Re8 11. Bf4 a6 12. O-O Nf8 13. Rab1 Ne6 14. Bh2 Ng7 15. Qb3 Ra7 {1-0 (67) Maletin,P (2578)-Lugovskoy,M (2401) Taganrog 2015}) 9... Nb6 10. Nf3 {The position is equal.} Nh5 11. Be5 f6 12. Bh2 Bd6 13. Bxd6 Qxd6 14. Qb3 Qe7 15. O-O Be6 16. a4 {[%cal Ba2a4,Ba4a5,Ba5a6][%mdl 32]} Nc8 17. a5 Nd6 18. a6 {aiming for axb7.} b6 19. Rac1 $36 {[%mdl 2048] Black is under pressure.} O-O 20. Na2 {[%cal Bc3a2,Ba2b4,Bb4c6][%mdl 32]} Rac8 21. Nb4 Qd7 {Strongly threatening ...c5.} 22. Qa4 {[%cal Rc1c6]} b5 23. Qd1 Ne4 {[#]} (23... Ng7 $16 {was called for.}) 24. Nxc6 $1 $18 Nd6 ({Avoid the trap} 24... Rxc6 $2 25. Bxb5 Rxc1 26. Bxd7 $18) 25. Nb4 Rxc1 26. Qxc1 Rc8 27. Qb1 Qc7 28. Qa2 Nc4 29. Be2 Ng7 30. Rc1 Qe7 31. Nd3 g5 (31... Qe8 {was necessary.} 32. b3 Nd6) 32. b3 Nd6 33. Rxc8+ Bxc8 34. Nb4 Be6 35. Qc2 h5 (35... Qd7 {keeps fighting.} 36. Bd3 Ngf5) 36. Qc5 g4 37. hxg4 hxg4 38. Nxd5 Qf7 $2 {[#]} (38... Bxd5 39. Qxd5+ Qe6 40. Qa8+ Qc8 41. Qxc8+ Nxc8) 39. Qxd6 {White is clearly winning.} Bxd5 40. Qd8+ Ne8 41. Bxb5 gxf3 42. Bxe8 {Precision: White = 84%, Black = 37%.} 1-0

[Event "EYCC 2017"]
[Site "Mamaia"]
[Date "2017.09.09"]
[Round "5"]
[White "Hakobyan, Aram"]
[Black "Vrolijk, Liam"]
[Result "1-0"]
[WhiteElo "2472"]
[BlackElo "2418"]
[Annotator "TA"]
[PlyCount "93"]
[EventDate "2017.??.??"]
[EventType "swiss"]
[EventCountry "ROU"]
[SourceTitle "playchess.com"]
[Source "ChessBase"]
[SourceQuality "1"]

{[%evp 23,93,32,31,34,39,20,53,16,90,97,125,125,125,125,125,125,125,125,126,119,116,120,118,117,133,134,140,100,120,122,118,114,175,114,118,118,128,111,177,170,145,142,434,429,428,427,464,449,448,311,294,278,279,290,339,346,360,104,110,0,375,343,354,372,360,336,420,382,566,560,545,543]} 1. d4 Nf6 2. c4 g6 3. Nf3 Bg7 4. g3 O-O 5. Bg2 d6 6. O-O Nc6 7. Nc3 a6 8. Bd2 Rb8 9. Rc1 Bd7 10. d5 {E63: King's Indian: Fianchetto: Panno Variation with 7...a6} Na5 11. b3 c5 12. dxc6 Nxc6 {LiveBook: 16 Games} 13. a4 Nb4 $146 ({Predecessor:} 13... Re8 14. h3 Na5 15. e4 e5 16. Re1 h6 17. Bf1 Nc6 18. Be3 Bf8 {1-0 (30) Wen,Y (2607)-Chen,Q (2290) Danzhou 2016}) 14. Bf4 Qa5 15. c5 e5 (15... Qxc5 $6 16. Na2 $1 $16 {[%mdl 512]}) (15... dxc5 $11 {remains equal.} 16. Bxb8 Rxb8) 16. Bg5 $16 e4 17. Nd2 $1 d5 18. Bxf6 Bxf6 {[#]} 19. Ndxe4 $1 {[%mdl 512]} dxe4 20. Nxe4 (20. Qxd7 $6 Rfd8 $14) 20... Bb2 {Strongly threatening ...Bf5.} 21. Rb1 {[%cal Bc1b1,Bb1b2,Bb2d2,Bd2d7][%mdl 32]} Bf5 22. Rxb2 Bxe4 23. Bxe4 Qxc5 24. Rd2 b5 25. a5 Rfe8 26. Bf3 Rbc8 27. Rd7 Qc3 (27... Nc6 $16) 28. Qb1 (28. Qd6 $18) 28... Red8 29. Rxd8+ Rxd8 {[#]} 30. Rc1 $1 {[%cal Rc1c3]} Qd2 {[#]} (30... Qd4 $16 {is a better defense.} 31. h4 h5) 31. Kg2 $1 $18 Nd5 32. Qa1 b4 $2 {[%mdl 8192]} (32... Nb4 $16) 33. Rc4 Nc3 34. Rxb4 Nxe2 35. Qf6 Rf8 36. Rb7 Nc1 {intending ...Nd3.} 37. Qf4 (37. Qxa6 $2 Nd3 $19) 37... Qxf4 38. gxf4 {[%mdl 4096] Endgame KRB-KRN} Nd3 39. Rb6 Rc8 40. Rc6 $2 (40. Rxa6 Ne1+ 41. Kf1 (41. Kg3 $2 Rc3 $19) 41... Nxf3 $17) (40. Bb7 $18 {and White stays clearly on top.} Rc3 41. Bxa6 Nxf4+ 42. Kg1) 40... Rb8 {Threatens to win with ...Ne1+.} 41. Rb6 $2 {[%mdl 8192]} ({And not} 41. Rxa6 Ne1+ 42. Kf1 (42. Kg3 $2 Rxb3 43. Kg4 Rxf3 $19) 42... Nxf3 $17) (41. Bd1 $16) 41... Rc8 $1 {aiming for ...Ne1+.} 42. Bb7 Rc3 43. Bxa6 Nxf4+ 44. Kg1 Rc1+ 45. Bf1 g5 (45... Ne2+ $142 46. Kg2 Nf4+ 47. Kf3 Rxf1) 46. a6 Ra1 47. Rb4 {Precision: White = 67%, Black = 27%.} 1-0

[Event "EYCC 2017"]
[Site "Mamaia"]
[Date "2017.09.09"]
[Round "5"]
[White "Livaic, Leon"]
[Black "Martirosyan, Haik M"]
[Result "0-1"]
[WhiteElo "2461"]
[BlackElo "2570"]
[Annotator "TA"]
[PlyCount "56"]
[EventDate "2017.??.??"]
[EventType "swiss"]
[EventCountry "ROU"]
[SourceTitle "playchess.com"]
[Source "ChessBase"]
[SourceQuality "1"]

{[%evp 25,56,0,0,-5,9,-58,-41,-54,-47,-41,-45,-41,-47,-52,-35,-28,-35,-21,-21,-18,-16,-90,-102,-143,-147,-129,-141,-147,-161,-441,-437,-535,-528]} 1. d4 d6 2. e4 Nf6 3. Nc3 Nbd7 4. Nf3 e5 5. g3 g6 6. Bg2 Bg7 7. O-O O-O 8. h3 c6 9. a4 Qc7 10. Be3 b6 {[%cal Bb7b6,Bb6b5,Bb5b4][%mdl 32]} 11. Qd2 a6 12. Bh6 Bb7 13. Bxg7 {B07: Pirc Defence: Miscellaneous Systems} Kxg7 {LiveBook: 3 Games} 14. Nh4 (14. Rad1 b5 15. dxe5 {½-½ (15) Andersson,U (2655)-Shirov,A (2690) Ter Apel 1997}) 14... b5 $146 ({Predecessor:} 14... Ng8 15. Rad1 Rfd8 16. f4 f6 17. fxe5 dxe5 18. d5 Qd6 19. g4 h6 20. Rf2 c5 {1-0 (59) Pribyl,J (2420)-Chorfi,K (2483) Denmark 2000}) 15. Kh2 ({White should play} 15. dxe5 $11 dxe5 16. g4) 15... exd4 16. Qxd4 c5 17. Qd2 b4 18. Nd5 Bxd5 19. exd5 a5 20. Qg5 Kh8 21. Rae1 Rae8 22. Nf3 $1 Qd8 23. Qh6 (23. Nd2 $11 {remains equal.}) 23... Kg8 $17 24. Ng5 Rxe1 25. Rxe1 Re8 26. Rxe8+ Qxe8 27. Be4 $2 {[#]} (27. Nf3 {is a better defense.}) 27... Nf8 $19 28. Qh4 h6 {Precision: White = 27%, Black = 78%.} 0-1

[Event "EYCC 2017"]
[Site "Mamaia"]
[Date "2017.09.09"]
[Round "5"]
[White "Kevlishvili, Robby"]
[Black "Szpar, Milosz"]
[Result "1/2-1/2"]
[WhiteElo "2450"]
[BlackElo "2308"]
[Annotator "TA"]
[PlyCount "123"]
[EventDate "2017.??.??"]
[EventType "swiss"]
[EventCountry "ROU"]
[SourceTitle "playchess.com"]
[Source "ChessBase"]
[SourceQuality "1"]

{[%evp 24,123,19,20,15,17,13,17,18,14,26,7,22,23,37,22,60,14,16,16,23,18,12,17,26,16,26,15,25,21,22,7,14,-7,-1,-8,-7,-14,0,-10,15,-18,-9,-19,0,-27,31,-25,0,-25,0,-33,-7,-14,0,-38,0,-31,-21,-32,-31,-32,-33,-35,-33,-43,35,0,18,0,0,-4,11,-29,11,9,59,59,59,59,59,59,59,59,59,59,66,59,59,59,59,56,56,4,4,0,0,0,0,0,0,0]} 1. e4 d6 2. d4 Nf6 3. Nc3 e5 4. Nf3 Nbd7 5. Bc4 Be7 6. a4 O-O 7. O-O c6 8. Re1 b6 9. d5 cxd5 10. Bxd5 Nxd5 {C41: Philidor Defence} 11. Nxd5 Bb7 (11... Nf6 12. Nxe7+ Qxe7 13. c4 Bb7 14. Nd2 a6 15. b3 Bc6 16. Ba3 Rfd8 17. Qc2 Qb7 18. Rac1 Rac8 19. Qd3 Nd7 20. Qe3 {½-½ (20) Van Kampen,R (2560)-Reinderman,D (2598) Amsterdam 2012}) 12. b3 Rc8 13. c4 {LiveBook: 8 Games} Bxd5 14. Qxd5 Qc7 $146 ({Predecessor:} 14... Nc5 15. Rb1 Qc7 16. Be3 Qc6 17. Qxc6 Rxc6 18. Bxc5 bxc5 19. Rbd1 {0-1 (49) Kargin,A (2251)-Maljutin,E (2440) Moscow 1999}) 15. Ba3 Rfd8 16. Qd1 a6 17. Nd2 Qb7 18. Qe2 Rb8 19. Nb1 Nc5 20. Bxc5 bxc5 21. Nd2 Bg5 {With the idea ...Bxd2.} 22. Nf3 Be7 23. Rab1 Qc7 24. Rb2 Rb6 25. Reb1 Rdb8 26. Nd2 Bg5 27. Nf1 g6 28. Qg4 Bf4 29. g3 Bh6 30. h4 Qc8 31. Qe2 Qe6 32. Nh2 f5 33. Kg2 Kg7 34. Qd3 Rb4 (34... a5 $11) 35. Re2 ({Better is} 35. Rd1 $14) 35... f4 36. Reb2 Kg8 37. Qe2 Bg7 38. Nf3 Bh6 39. Nh2 Bg7 40. Qd1 Bf6 41. Nf3 h6 42. Nh2 Be7 43. Rd2 Kg7 44. Rd3 g5 (44... a5 $15) 45. h5 Qd7 46. Nf3 {Hoping for Nxe5!} Qe6 47. Nd2 Rf8 48. Nf1 Rf7 49. f3 Rb8 50. g4 Rb4 51. Nd2 Bf8 52. Ra1 $1 Qc8 53. Nb1 Qb8 54. Ra3 Rfb7 55. Kf2 Kf7 {[%cal Bg7f7,Bf7f6,Bf6e7][%mdl 32]} 56. Ke2 Be7 {[%cal Bf8e7,Be7d8,Bd8a5][%mdl 32]} 57. Rc3 Kf6 58. Kd3 ({White should play} 58. Kd2 $14) 58... Bd8 $1 $11 {The position is equal.} 59. Kc2 Ba5 $1 60. Qd5 R4b6 61. Rd3 Ke7 62. Kb2 {Precision: White = 57%, Black = 44%.} 1/2-1/2

[Event "EYCC 2017"]
[Site "Mamaia"]
[Date "2017.09.09"]
[Round "5"]
[White "Fakhrutdinov, Timur"]
[Black "Salemgareev, Tagir"]
[Result "1/2-1/2"]
[WhiteElo "2441"]
[BlackElo "2354"]
[Annotator "TA"]
[PlyCount "133"]
[EventDate "2017.??.??"]
[EventType "swiss"]
[EventCountry "ROU"]
[SourceTitle "playchess.com"]
[Source "ChessBase"]
[SourceQuality "1"]

{[%evp 19,133,55,46,1,22,0,-17,-61,-18,-32,-22,-30,18,0,22,21,43,7,39,19,37,33,25,28,0,0,0,0,0,0,0,-39,-36,-58,0,-132,-133,-192,-171,-187,-188,-185,-197,-191,-152,-181,-168,-151,-154,-167,-133,-134,-118,-207,-192,-200,-87,-93,-93,-93,-94,-93,-93,-120,-118,-123,-85,-84,-77,-90,-98,-89,-83,-90,-59,-83,-83,-83,-45,-66,-66,-93,-93,-87,-42,-42,-16,-69,-8,-8,-8,-8,-8,-8,-8,-8,-8,-8,-8,-8,0,0,0,0,0,0,0,0,0,0,0,0,0,0,0,0]} 1. e4 c5 2. Nf3 Nc6 3. d4 cxd4 4. Nxd4 g6 5. Nc3 Bg7 6. Be3 Nf6 7. Bc4 O-O 8. Bb3 a5 9. O-O a4 {B35: Sicilian: Accelerated Dragon with 5 Nc3: main line} 10. Nxa4 Nxe4 {LiveBook: 193 Games} 11. Re1 {Strongly threatening Nxc6.} (11. Nb5 $5 {[%cal Re3b6]} d6 12. f3 $11) (11. Nb5 Ra6 12. f3 Nf6 13. c4 d6 14. Nac3 Na5 15. Rc1 Be6 16. Ne2 d5 17. c5 Nxb3 18. axb3 Bd7 19. Nbc3 {1-0 (36) Almasi,Z (2689)-Istratescu,A (2602) Bastia 2015}) 11... d5 12. f3 $146 {Black must now prevent Nxc6.} ({Find the theoretical novelty and annotate with similar games:} 12. Nxc6 bxc6 13. f3 Nf6 14. Nb6 Rb8 15. Nxc8 Rxc8 16. Qd2 c5 17. Bh6 Bxh6 18. Qxh6 {0-1 (28) Ballester,A (2154)-Mehaibia,A (2175) France 2010}) 12... Nd6 13. c3 e6 14. Nxc6 bxc6 15. Bd4 Bh6 16. Qe2 Nf5 17. Bb6 Qg5 18. Bc2 Bg7 19. Qf2 Re8 20. f4 Qe7 21. Bc5 Nd6 $1 {[%cal Bf5d6,Bd6b7,Bb7a5][%mdl 32]} 22. Nb6 Rb8 23. a4 Ba6 24. a5 Qc7 25. Qf3 Nb7 26. Bf2 c5 ({Black should play} 26... Nxa5 $15 27. Rxa5 Rxb6) 27. b3 (27. f5 $11 {keeps the balance.} Nxa5 28. fxe6 Rxb6 29. exf7+ Qxf7 30. Rxe8+ Qxe8 31. Qxd5+ Kh8 32. Rxa5) 27... d4 $17 28. cxd4 (28. f5 $17) 28... cxd4 $19 29. Bd3 Bxd3 30. Qxd3 {[#]} Nxa5 $1 {[%mdl 512]} 31. Rxa5 {Threatens to win with Nc4.} Qxb6 32. Ra4 Red8 33. Rb1 Qc7 34. Rc4 Qb7 ({Don't play} 34... Qxf4 35. Bg3 $15) 35. b4 Rbc8 36. b5 (36. Rxc8 $17 Rxc8 37. b5) 36... Rxc4 37. Qxc4 {[#]} d3 (37... Qe4 $1 $19 {[%cal Re4b1] is more deadly.} 38. Qb4 Bf8) 38. b6 {With the idea Qc7.} d2 39. Rd1 Rc8 40. Qd3 Bc3 41. Be3 Ba5 42. Qd6 Qb8 43. Qxb8 Rxb8 44. Kf2 Bxb6 45. Bxb6 Rxb6 46. Rxd2 $17 {[%mdl 4096] Endgame KR-KR} Rb7 47. Rd3 Kg7 48. Kf3 f6 49. h4 h5 50. g4 hxg4+ 51. Kxg4 Kf7 52. Ra3 Rd7 53. Ra8 (53. h5 $11) 53... e5 (53... Kg7 $15 54. h5 f5+ 55. Kg5 gxh5) 54. fxe5 $11 {The position is equal.} Rd4+ 55. Kg3 fxe5 56. Ra6 Rf4 57. Rb6 Rf6 58. Rb7+ Ke6 59. Kg4 Kd5 60. Rb5+ Kd4 61. Rb4+ Kd3 62. Rb3+ Kc4 63. Ra3 e4 64. Kg5 Rf3 (64... Re6 $5 65. Kf4 $8 Re7 $11) 65. Ra1 e3 66. Kxg6 e2 {Hoping for ...Rf1.} 67. Re1 {Precision: White = 55%, Black = 41%.} 1/2-1/2

[Event "EYCC 2017"]
[Site "Mamaia"]
[Date "2017.09.09"]
[Round "5"]
[White "Plenca, Jadranko"]
[Black "Tica, Sven"]
[Result "1/2-1/2"]
[WhiteElo "2440"]
[BlackElo "2389"]
[Annotator "TA"]
[PlyCount "51"]
[EventDate "2017.??.??"]
[EventType "swiss"]
[EventCountry "ROU"]
[SourceTitle "playchess.com"]
[Source "ChessBase"]
[SourceQuality "1"]

{[%evp 17,51,46,46,28,60,52,75,67,75,73,91,13,15,15,11,11,21,18,18,19,19,21,47,56,60,62,59,48,48,49,50,53,74,35,37,37]} 1. e4 c6 2. d4 d5 3. Nc3 dxe4 4. Nxe4 Nd7 5. Bc4 Ngf6 6. Nxf6+ Nxf6 7. c3 e6 8. Nf3 Be7 9. O-O O-O {LiveBook: 22 Games} 10. Bf4 {B17: Caro-Kann: Modern Line (4...Nd7)} (10. Re1 c5 11. Be3 Qc7 12. dxc5 Bxc5 13. Bxc5 Qxc5 14. Qd4 Qxd4 15. Nxd4 Bd7 16. Rad1 Rac8 17. Bb3 Rfd8 18. f3 Rb8 19. Re2 Be8 20. Red2 g6 21. Kf2 {½-½ (21) Oratovsky,M (2501)-Velten,P (2449) San Sebastian 2017}) 10... b5 11. Bd3 a5 12. Ne5 {White is better.} Bb7 $146 ({Predecessor:} 12... Qb6 13. Qf3 Bb7 14. Qh3 g6 15. Rfe1 c5 16. Bg5 Rad8 17. Qh4 cxd4 18. Bxf6 Bxf6 19. Qxf6 dxc3 20. bxc3 Qc5 21. Nxf7 {1-0 (21) Schreiner,G (1535)-Bortolas,S (1712) Austria 2011}) 13. Qf3 Qd5 14. Qxd5 (14. Qh3 $16) 14... Nxd5 $11 15. Bg3 Rfd8 16. Rfd1 g6 17. Be2 Rac8 18. a3 a4 19. Nd3 c5 20. Nxc5 Bxc5 21. dxc5 Rxc5 22. Be5 Ba6 23. Rd2 Rcc8 24. Rad1 Rd7 25. h4 Rcd8 26. g3 {Precision: White = 63%, Black = 50%.} 1/2-1/2

[Event "EYCC 2017"]
[Site "Mamaia"]
[Date "2017.09.09"]
[Round "5"]
[White "Ozenir, Ekin Baris"]
[Black "Globus, Or"]
[Result "1/2-1/2"]
[WhiteElo "2422"]
[BlackElo "2271"]
[Annotator "TA"]
[PlyCount "44"]
[EventDate "2017.??.??"]
[EventType "swiss"]
[EventCountry "ROU"]
[SourceTitle "playchess.com"]
[Source "ChessBase"]
[SourceQuality "1"]

{[%evp 12,44,-27,-60,-42,-66,-70,-71,-72,-60,-65,-79,0,0,19,0,0,0,0,0,0,-33,-41,-39,28,20,38,19,36,20,9,0,0,-79,-73]} 1. d4 Nf6 2. Bg5 d5 3. Bxf6 gxf6 4. e3 c5 5. Nc3 Nc6 6. Nge2 {D01: Veresov Opening} (6. Nf3 Bg4 7. h3 cxd4 8. exd4 Bxf3 9. Qxf3 Nxd4 10. Qg4 Nc6 11. O-O-O e6 12. Bc4 Qd7 13. Bxd5 exd5 14. Nxd5 Qxg4 15. Nxf6+ {½-½ (49) Nakamura,H (2779)-Bu,X (2705) Doha 2016}) 6... cxd4 7. exd4 {LiveBook: 4 Games} e5 8. Qd2 {Black is slightly better.} Be6 $146 ({Predecessor:} 8... h5 9. g3 Bg4 10. Bg2 Bb4 11. a3 Qa5 12. O-O Bxc3 13. bxc3 O-O-O {0-1 (33) Hall,J (2460)-Movsesian,S (2595) Cappelle-la-Grande 1998}) 9. O-O-O {[#]} Qa5 $1 10. Kb1 O-O-O 11. f4 Bc5 (11... Kb8 $17) 12. fxe5 $11 fxe5 13. dxc5 {Nc1 is the strong threat.} d4 14. Qg5 h6 15. Qh5 dxc3 $40 {[%mdl 128] Black is up to no good.} 16. Rxd8+ Rxd8 17. Nxc3 Qxc5 ({Black should try} 17... Nb4 $1 $15 18. Be2 Nxa2) 18. Bd3 Qf2 19. Qxh6 Qxg2 20. Be4 Qd2 21. Qh5 Qf4 22. Re1 {[#]} (22. Bxc6 $11 bxc6 23. Qe2) 22... Nd4 $1 {Precision: White = 42%, Black = 64%.} 1/2-1/2

[Event "EYCC 2017"]
[Site "Mamaia"]
[Date "2017.09.09"]
[Round "5"]
[White "Gaifullin, Artur"]
[Black "Sakulo, Denis"]
[Result "1-0"]
[WhiteElo "2413"]
[BlackElo "2061"]
[Annotator "TA"]
[PlyCount "71"]
[EventDate "2017.??.??"]
[EventType "swiss"]
[EventCountry "ROU"]
[SourceTitle "playchess.com"]
[Source "ChessBase"]
[SourceQuality "1"]

{[%evp 13,71,-14,0,0,0,0,14,0,15,15,11,28,18,18,6,11,25,27,22,14,30,40,25,37,33,32,43,46,121,118,122,94,272,263,240,251,261,253,255,210,272,283,380,364,400,414,379,396,405,413,416,412,412,412,488,362,351,274,411,409]} 1. Nf3 d5 2. c4 e6 3. e3 Nf6 4. Nc3 Be7 5. b3 O-O 6. Bb2 b6 7. Qc2 {A13: English Opening: 1...e6} (7. d4 Ba6 8. Bd3 c5 9. cxd5 Bxd3 10. Qxd3 exd5 11. dxc5 bxc5 12. O-O Nc6 13. Rad1 Nb4 14. Qb1 Qb6 {1-0 (50) Malakhov,V (2713)-Bologan,V (2640) Doha 2016}) 7... Bb7 {LiveBook: 3 Games} 8. cxd5 exd5 9. d4 {The position is equal.} c5 $146 ({Predecessor:} 9... Nbd7 10. Bd3 c5 11. O-O Rc8 12. Rfd1 Qc7 13. Rac1 Rfd8 14. Bf5 cxd4 15. Rxd4 {½-½ (45) Bacallao Alonso,Y (2542)-Girones Barrios,Y (2312) Havana 2013}) 10. Rd1 Nbd7 11. Bd3 Re8 12. O-O g6 13. Rfe1 Rc8 14. dxc5 Nxc5 15. Bb5 Rf8 16. Qb1 {White wants to play e4!} Qc7 17. Rc1 a6 18. Bf1 Qb8 19. Qa1 Nfe4 20. Nxe4 dxe4 (20... Nxe4 $14 21. Be5 Qa7) 21. Ne5 $16 {[#] Threatens to win with Bc4.} f6 22. b4 {[%cal Bb3b4,Bb4c5][%mdl 32]} b5 $2 (22... Nd3 $16 23. Nd7 Qd6 24. Nxf8 Nxe1 25. Rxc8 (25. Rxe1 Kxf8 26. Bd4 Kg7 $11) 25... Bxc8) 23. bxc5 $18 fxe5 24. Bxe5 Qa8 25. a4 Bc6 26. Red1 Rcd8 27. Bd6 Bf6 28. Qb1 Rf7 29. axb5 axb5 30. Bxb5 Kg7 31. g3 Rc8 32. Bxc6 Qxc6 33. Qa2 Rb7 34. Qd5 Qxd5 35. Rxd5 Rc6 (35... Be7 {keeps fighting.} 36. Bf4 Rc6) 36. Rc4 {Precision: White = 97%, Black = 24%.} 1-0

[Event "EYCC 2017"]
[Site "Mamaia"]
[Date "2017.09.09"]
[Round "5"]
[White "Warmerdam, Max"]
[Black "Yayloyan, Konstantin"]
[Result "0-1"]
[WhiteElo "2399"]
[BlackElo "2142"]
[Annotator "TA"]
[PlyCount "70"]
[EventDate "2017.??.??"]
[EventType "swiss"]
[EventCountry "ROU"]
[SourceTitle "playchess.com"]
[Source "ChessBase"]
[SourceQuality "1"]

{[%evp 31,70,66,97,119,161,130,164,156,173,186,175,60,55,57,58,-156,-153,-83,-77,-346,-357,-357,-318,-343,-321,-321,-329,-322,-296,-715,-694,-721,-630,-1422,-639,-29986,-29987,-29982,-29983,-29981,-856]} 1. e4 c5 2. Nf3 d6 3. d4 cxd4 4. Nxd4 Nf6 5. Nc3 Bd7 6. f3 e5 7. Nb3 Be7 8. Be3 O-O 9. Qd2 a5 10. a4 Na6 11. O-O-O Nb4 12. g4 Be6 13. Kb1 {B90: Sicilian Najdorf: Unusual White 6th moves, 6 Be3 Ng4 and 6 Be3 e5} Rc8 14. g5 Nd7 15. f4 exf4 16. Bxf4 Ne5 {LiveBook: 3 Games} (16... Bxb3 17. cxb3 Ne5 18. h4 f6 19. Bh3 {1-0 (33) Saric,I (2652)-Shirov,A (2689) Reykjavik 2015}) 17. h4 Qc7 $146 ({Find the theoretical novelty and annotate with similar games:} 17... Bxb3 18. cxb3 f6 19. Bh3 Rc7 20. Nb5 Rc5 {1-0 (42) Morokova,L (2382)-Edwards,K (2238) ICCF email 2014}) 18. Qg2 Rfd8 19. Nd4 Bg4 20. Rd2 Qb6 {aiming for ...Rxc3!} 21. Qg3 {[#]} (21. Bb5 $1 $18) 21... Bf3 $1 $14 {[%cal Rf3h1][%mdl 512] [#]} 22. Bxe5 $1 {[%mdl 512]} (22. Nxf3 Rxc3) 22... dxe5 (22... Bxh1 $2 23. Nf5 $18) 23. Nxf3 $2 (23. Qxf3 $14 {was forced to keep a grip.} Rxd4 24. Rxd4 (24. Rf2 Rf8 $11) 24... Qxd4 25. Bh3) 23... Rxc3 $1 $17 24. Qxe5 {[#]} ({Better is} 24. Rxd8+ Qxd8 25. Bb5 Rxc2 26. Qxe5) 24... Rxc2 $1 $40 {[%mdl 128] Black is out for blood.} 25. Rxc2 $4 {[%mdl 8192]} ({Don't go for} 25. Qxe7 $2 {[#]} Rxb2+ $1 {[%mdl 512]} 26. Kxb2 Nc6+ 27. Bb5 Rxd2+ 28. Nxd2 Nxe7 $19) (25. Rxd8+ $17 {was forced.} Qxd8 26. Bb5) 25... Rd1+ $19 26. Rc1 Rxc1+ 27. Kxc1 Qe3+ 28. Kd1 Qxf3+ 29. Kd2 Bf8 ({Worse is} 29... Qxh1 30. Qxe7 Qh2+ 31. Be2 $11) 30. Bc4 $2 (30. Qh2 Qxe4 31. Be2) 30... Qg2+ 31. Ke3 Qxh1 32. Qf5 Bc5+ 33. Ke2 Qg2+ {Black mates.} 34. Kd1 Qc2+ 35. Ke1 Qc1+ {Precision: White = 24%, Black = 73%.} 0-1